Quizzes
Events
Quiz Creation
Community
Videos
Private Events
Remove Ads
Sign In
Join for FREE
Feedback
Dark Mode
Quiz Categories
Sports
Geography
Music
Movies
Television
Just For Fun
Miscellaneous
History
Literature
Language
Science
Gaming
Entertainment
Religion
Holiday
For Kids
Quiz Lab
Recent
Popular Today
Quiz Kudos Today
Editor Picks
Curator Picks
Quizzes by...
Day
Popularity
Type
Ratings
Length
Year
Community
Subscriptions
Recent Discussions
Orange Saloon
Badges
Playlists
Quests
Create
Leaderboards
Showdown
Live 5
Trivia Bingo
Activity
Puzzle Library
Sporcle Events
Private Events
Virtual Trivia
Globe League
Become a Host
Pub Owners
SporcleCon
Opinionation
Our Games
Videos
Blog
Mobile Apps
Partnerships
Remove Ads and Go Orange
Feedback
Literature
Harry Potter
A Song of Ice and Fire
The Hunger Games
Literary Character
Shakespeare
Book
Author
Novel
Poem
Young Adult
Children's Books
Play
Lord of the Rings
Literature
Harry Potter
A Song of Ice and Fire
The Hunger Games
Literary Character
Shakespeare
Book
Author
Novel
Poem
Young Adult
Children's Books
Play
Lord of the Rings
Random Quiz
Search Sporcle
×
Quiz Lab
Quiz Lab
Literature
Author
Type in answers that appear in a list
Type in answers that appear in a list
Classic
Best Score? Go Orange.
Read It!!!!!!!!!!!!!!!! Stats
Can you name the Titles of these Books??????????????????????
By
Shagmaster2
7m
11 Questions
45 Plays
45 Plays
45 Plays
Comments
Comments
Give Quiz Kudos
Give Quiz Kudos
-
- Ratings
hide this ad
Replay
Link that replays current quiz
Next Quiz
Link to next quiz in quiz playlist
You Got
0%
They Got
Avg Score
54%
Avg Friend Score
Upgrade to see
Score Distribution
Jump to the score distribution portion of the page
Score
0/11
Timer
07:00
0
Plays Today
Main Characters
Title/Book
% Correct
Ralph, Piggy, and Simon
Lord of the Flies
95.6%
Quasimodo, Esmeralda, and the Archdeacon
The Hunchback of Notre Dame
86.7%
Bilbo, Gandalf, Thorin, Gollum, and Smaug
The Hobbit
84.4%
Lemule and the Houynhmhs
Gulliver's Travels
68.9%
Huck, Jim, the king, and Bridgewater
Adventures of Huckleberry Finn
64.4%
Paris, Helen of Troy, Achilles, Eris, and Thetis
The Illiad
51.1%
Henry Fleming, Jim Conklin, and Wilson
The Red Badge of Courage
44.4%
Beauty Smith, Small Beaver, and a dog
White Fang
42.2%
Consiel, the Professor, Ned Land, and Captain Nemo
Twenty Thousand Leagues Under the Sea
33.3%
Holmes, Dr. Watson, Jonathan Small, and Tonga
The Sign of the Four
17.8%
Bensington, the Redwoods, and the Cossars
The Food of the Gods
13.3%
Quiz Playlist
Details
Report
Send in Message
Add To Playlist
Classic:
Type in answers that appear in a list
Last Updated: Feb 16, 2017
Quiz Scoreboard
CHALLENGE
Sign Up to Join the Scoreboard
Show All
Scores
Hide
Comments
May contain spoilers
Recently Published
Pick 6: Fruits
by JohnFran
Miscellaneous
15s
Click the 1999 NBA Draft
by nibperrychub
Sports
2m
Alphabetical 'K' Countries by Flag Minefield
by ylime102
Geography
3m
More to Explore
Quiz From the Vault
Featured Blog Post
15 Basketball Trivia Facts You Can Be March Mad About
hide this ad
You Might Also Like...
Tags
Author Quiz
Book Quiz
Character
read
Today's Top Quizzes in Literature
Browse Literature
hide this ad
Today's Top Quizzes in Author
Browse Author
Top Contributed Quizzes in Literature
1
3-Word Books in 1 Word II
2
Mad Scientists in Literature
3
Image Sorting: Children's Book Characters
4
Harry Potter Logic Quiz New
5
Pick 3: Harry Potter Hogwarts Quidditch Players
6
Sneaky Slytherin Logic Puzzle
7
HP Logic Puzzle: 'Eyes green as fresh-picked toads...'
8
A Court of Thorns and Roses (ACoTaR) Logic Puzzle
9
Quick Pick: Literary Title Characters 1
10
Quick Pick: Margaret Atwood Novels
Explore More
Trending Topics
Crossword
Harry Potter
NBA
Anime
Marvel
Kpop
Disney
WWE
NFL
Puzzle
Pokémon
Soccer
Country
Song
The Office
hide this ad
More By:
Shagmaster2
Quiz
Plays
Rating
Category
Featured
Created
Finish the Cartoon Quotes
188
3.00
Entertainment
Apr 19, 2013
Famous Fictional Villains
109
2.00
Entertainment
Apr 5, 2013
Greek Gods and Goddesses
75
3.00
Religion
Apr 21, 2013
World Nations & Territories: Australia & Oceanis
72
2.00
Geography
Apr 5, 2013
Initials: American Revolution
47
1.00
History
Feb 19, 2013
Go to Creator's Profile
Score Distribution
Quiz Creator Spotlight
Shagmaster2
Follow
Send a Message
Quizzes Created
-
Created Quiz Play Count
-
More By This Creator
Popular Quizzes Today
1
Countries of Asia Without Outlines Minefield
2
Find the US States - No Outlines Minefield
3
Pick 6: Fruits
4
Alphabetical 'K' Countries by Flag Minefield
5
The Countries of the World
6
Click the 1999 NBA Draft
7
Match the Book to the Film X
8
Find the US States
More Literature Quizzes
Harry Potter Bunker
Published
Trending Quizzes
Pick 6: Harry Potter
Pick 6: Golfers
Donkey Kong Minefield
DC Extended Universe: Oldest to Newest
Multiplication Danger Zone
Recently Updated
Women's Final Four Teams by Year
bhenderson79
Presidents Quartet II
eogle
Anything But Clue(do)
eogle
Anything But Oceanian Capitals
eogle
Anything But 7
eogle
Anything But Thing
eogle
Word Ladder: February 29
pecheneg
Song Title Questions
pecheneg
Women's NCAA Tournament #1 Seeds
pecheneg
Celebrity Mug Shots
pecheneg
Trending Topics
Kpop
Marvel
Crossword
Disney
NBA
Anime
Harry Potter
Song
NFL
The Office
WWE
Pokémon
Country
Puzzle
Soccer
Your Account Isn't Verified!
In order to create a playlist on Sporcle, you need to verify the email address you used during registration. Go to your
Sporcle Settings
to finish the process.
Report this User
Report this user for behavior that violates our
Community Guidelines
.
Details:
Send Report
Go to the Sporcle.com Mobile Site →
Comments